000
00282nam a22001097a 4500
008
170104b xxu||||| |||| 00| 0 eng d
041
_a
eng
080
_2
4th ed.
_a
618.2
082
_2
4th ed.
245
_a
Nursing Care of Infants and Children
_c
Whaley & Wong
942
_2
udc
_c
BK
_e
4th ed.
999
_c
2518
_d
2518